Les personnages des As de la Jungle - Statistiques

Statistiques générales
  • Ce quiz a été pris 86 fois
  • Le résultat moyen est 9 sur 13
Statistiques - réponses
Par images Réponse % Correct
Gilbert
96%
Miguel
96%
Junior
91%
Maurice
90%
Batricia
88%
Bob
87%
Al
84%
Vladimir
72%
Roger
68%
Fred
41%
Mélina
41%
Ernest
38%
Capitaine Cahouète
25%
Aucun quiz correspondant
Distribution des résultats
% des personnes avec chaque résultat
Percentile par nombre de réponses
Votre historique - résultats
Vous n’avez pas pris ce quiz